ბათუმის შოთა რუსთაველის სახელმწიფო უნივერსიტეტის ბიბლიოთეკა

დაო დე ძინი / (ბიბ.ჩანაწერი № 53790)

000 -ლიდერი
ფიქსირებული სიგრძის საკონტროლო ველი 01358nam a2200277Ia 4500
001 - საკონტროლო ნომერი
საკონტროლო ველი 20840
003 - საკონტროლო ნომრის იდენტიფიკატორი
საკონტროლო ველი GE_BSU
005 - ბოლო ოპერაციის თარიღი და დრო
საკონტროლო ველი 20221011112322.0
008 - ფიქსირებული სიგრძის მონაცემთა ელემენტები - ზოგადი ინფორმაცია
ფიქსირებული სიგრძის საკონტროლო ველი 181216s1983||||ge |||||||||||||| ||geo||
020 ## - წიგნის საერთაშორისო სტანდარტული ნომერი
International Standard Book Number 9789941929809
040 ## - კატალოგიზაციის წყარო
Transcribing agency GE_BSU
041 ## - ენის კოდი
Language code of text/sound track or separate title geo
080 ## - უნივერსალური ათობითი კლასიფიკაციის ინდექსი
Universal Decimal Classification number 1(315) ლ-22
100 ## - მთავარი ჩანაწერი - პიროვნების სახელი
Personal name ლაო-ძი
9 (RLIN) 15225
245 ## - ცნობა სათაურის შესახებ
Title დაო დე ძინი /
Statement of responsibility, etc ლაო-ძი ; თარგმანი, წინათქმა და ბოლოთქმა ლერი ალიმონაკი ; მხატვ. გოგი წერეთელი.
250 ## - გამოცემის ცნობა
Edition statement მე-4 გამოცემა.
264 ## - წარმოების, გამოცემის, დისტრიბუციის და სხვა ცნობები
გამოცემის, წარმოების, დისტრიბუციის... ადგილი თბილისი :
გამოცემის, წარმოების, დისტრიბუციის... სახელწოდება ადაპტი,
გამოცემის, წარმოების, დისტრიბუციის... თარიღი 2013.
300 ## - ფიზიკური აღწერა
Extent 187გვ.;
Other physical details 19 სმ.
500 ## - ზოგადი შენიშვნა
General note წინათქმაც და ბოლოთქმაც ამოღებულია 1983 წლის პირველი გამოცემიდან.
653 ## - INDEX TERM--UNCONTROLLED
Uncontrolled term დაო დე ძინი
653 ## - INDEX TERM--UNCONTROLLED
Uncontrolled term ძველი ჩინური ფილოსოფია
700 ## - ADDED ENTRY--PERSONAL NAME
Personal name ალიმონაკი, ლერი
Relator term მთარგმნელი
9 (RLIN) 15226
700 ## - ADDED ENTRY--PERSONAL NAME
Personal name წერეთელი, გოგი
Relator term მხატვარი
9 (RLIN) 15227
856 ## - ELECTRONIC LOCATION AND ACCESS
Uniform Resource Identifier https://dspace.nplg.gov.ge/bitstream/1234/103485/1/Lao_Dzi.pdf
Link text ელ. ვერსია. pdf
942 ## - ADDED ENTRY ELEMENTS (KOHA)
Koha item type წიგნი
Source of classification or shelving scheme
ეგზემპლარები
ჩამოწერის სტატუსი დაკარგული ეგზემპლარის სტატუსი კლასიფიკაციის წყარო ან თაროზე გაწყობის სქემა დაზიანების სტატუსი არ გაიცემა მუდმივი მდებარეობა (დაცვის ადგილი) ამჟამინდელი ადგილსამყოფელი თაროზე განთავსების ადგილი შეძენის თარიღი ღირებულება, შესყიდვის ნორმალური ფასი სრული შენახვის შიფრი შტრიხკოდი ბოლო ოპერაციის თარიღი ეგზემპლარის მიმდევრობითი ნომერი (კეტერი?) ფასის ძალაში შესვლის თარიღი ეგზემპლარის სახეობა საჯარო შენიშვნა
          ბათუმის შოთა რუსთაველის სახელმწიფო უნივერსიტეტის მთავარი ბიბლიოთეკა ბათუმის შოთა რუსთაველის სახელმწიფო უნივერსიტეტის მთავარი ბიბლიოთეკა წიგნსაცავი 2018-12-17 4.31 1(315) ლ-22 54267 2018-12-17 54267 2018-12-17 წიგნი 4 ლ. 31 თ.
          ბათუმის შოთა რუსთაველის სახელმწიფო უნივერსიტეტის მთავარი ბიბლიოთეკა ბათუმის შოთა რუსთაველის სახელმწიფო უნივერსიტეტის მთავარი ბიბლიოთეკა წიგნსაცავი 2022-10-11 1.00 1(315) ლ-22 28658 2022-10-11 28658 2022-10-11 წიგნი 1 ლ.